Komerční rizika v zahraničním obchodu a ochrana proti nim

Guardado en:
Detalles Bibliográficos
Autores principales: Janatka, František (Autor), Böhm, Arnošt (Autor), Hándl, Jaroslav (Autor)
Formato: Libro
Lenguaje:checo
Publicado: Praha : ASPI, 2001
Edición:1. vyd.
Materias:
Acceso en línea:OBSAH
Etiquetas: Agregar Etiqueta
Sin Etiquetas, Sea el primero en etiquetar este registro!

MARC

LEADER 00000nam a22000003a 4500
001 stu75487
005 20150617225644.1
008 020425s2001----xr------------------cze-d
020 |a 80-86395-14-6 
040 |a STU  |b slo 
041 0 |a cze 
044 |a xr 
080 |a 339.5 
100 1 |a Janatka, František  |4 aut 
245 1 |a Komerční rizika v zahraničním obchodu a ochrana proti nim 
250 |a 1. vyd. 
260 |a Praha :  |b ASPI,  |c 2001 
300 |a 222 s 
650 7 |a Riziká komerčné  |2 stusub 
650 7 |a Obchod zahraničný  |2 stusub 
700 1 |a Böhm, Arnošt  |4 aut 
700 1 |a Hándl, Jaroslav  |4 aut 
856 4 |a https://sweb.mtf.stuba.sk/obsahy/komercni_rizika_v_zahranicnim_obchodu_a_ochrana_proti_nim_01  |u https://sweb.mtf.stuba.sk/obsahy/komercni_rizika_v_zahranicnim_obchodu_a_ochrana_proti_nim_01  |3 OBSAH 
996 |b 284M035083  |c M*10888-1  |l MMKN  |s A  |a 24  |w stu75487_0001